Halsey- You asked for this (All Lyrics) - Statistics

General Stats
  • This quiz has been taken 50 times
  • The average score is 258 of 296
Answer Stats
Lyrics % Correct
a
100%
all
100%
be
100%
don't
100%
for
100%
For
100%
from
100%
I
100%
I'm
100%
in
100%
know
100%
me
100%
My
100%
my
100%
on
100%
so
100%
want
100%
what
100%
When
100%
you
100%
You
100%
and
95%
And
95%
asked
95%
girl
95%
Go
95%
go
95%
some
95%
the
95%
big
91%
cry
91%
does
91%
is
91%
Now
91%
now
91%
now?
91%
somebody's
91%
this
91%
why
91%
better
86%
daughter
86%
everything
86%
jeans
86%
plans
86%
ruin
86%
show
86%
wanna
86%
Ah
82%
Ah, ah
82%
around
82%
fist
82%
give
82%
hard
82%
head
82%
hell
82%
kiss
82%
Levi
82%
loud
82%
mean?
82%
see
82%
then
82%
are
77%
beautiful
77%
choke
77%
gonna
77%
goodnight
77%
platter
77%
silver
77%
still
77%
talk
77%
these
77%
Who
77%
your
77%
boy's
73%
comes
73%
fallin'
73%
fuck
73%
laughter
73%
life
73%
morning
73%
next
73%
bed?
68%
'em
68%
everybody's
68%
fences
68%
instead
68%
left
68%
milk
68%
out
68%
summer
68%
that
68%
throat
68%
Well
68%
ahead
64%
cake
64%
drown
64%
feet
64%
hands
64%
like
64%
star
64%
taxes
64%
tears
64%
upon
64%
wished
64%
behind
59%
crystal
59%
falling
59%
file
59%
glasses
59%
lemonade
59%
lies
59%
lips
59%
Punch-
59%
spilled
59%
wasted
59%
flawlessly
55%
Or
55%
Picket
55%
garde
50%
sunburnt
50%
avant-
45%
fistful
45%
tattered
45%
despondent
41%
redundancy
41%
No matching quizzes found
Score Distribution
Percent of People with Each Score
Percentile by Number Answered
Your Score History
You have not taken this quiz